Agnipariksha: (Record no. 157568)

MARC details
000 -LEADER
fixed length control field 00582nam a22001937a 4500
005 - DATE AND TIME OF LATEST TRANSACTION
control field 20180919113748.0
010 ## - LCCN (DPL NO)
LC control number ENG-123996
020 ## - INTERNATIONAL STANDARD BOOK NUMBER
International Standard Book Number 9789352871964
Terms of availability 235.00
035 ## - SYSTEM CONTROL NUMBER
System control number EN-107528
037 ## - SOURCE OF ACQUISITION
Source of stock number/acquisition DBAD/PUB
082 ## - DEWEY DECIMAL CLASSIFICATION NUMBER
Classification number N
100 ## - MAIN ENTRY--PERSONAL NAME
Personal name Kureshi, Hamid
245 ## - TITLE STATEMENT
Title Agnipariksha:
Statement of responsibility, etc by Hamid Kureshi; translated by Rita Kothari
Remainder of title an ordeal remembered /
260 ## - PUBLICATION, DISTRIBUTION, ETC. (IMPRINT)
Place of publication, distribution, etc Hyderabad
Name of publisher, distributor, etc Orient BlackSwan Pvt. Ltd.
Date of publication, distribution, etc 2018
270 ## - ADDRESS
City Hyderabad
Postal code 500029
Address 3-6-752 Himayatnagar,
300 ## - PHYSICAL DESCRIPTION
Extent xv,67p
Dimensions 12cm.(pbk.)
Other physical details ill. pic.
700 ## - ADDED ENTRY--PERSONAL NAME
Personal name Kothari, Rita
942 ## - ADDED ENTRY ELEMENTS (KOHA)
Source of classification or shelving scheme Dewey Decimal Classification
Item type English Books
Classification part N
Call number suffix KUR
Holdings
Withdrawn status Lost status Not for loan Collection code Home library Current library Date acquired Source of acquisition Cost, normal purchase price Full call number Barcode Copy number Cost, replacement price Koha item type
    Not For Loan Fiction D.B.Act.Division Patel Nagar 19/09/2018 DBAD/PUB 235.00 N KUR EN-107528 1 235.00 English Books

© Delhi Public Library
Hit Counter
free hit counter